Statistics for 2023-24 Bundesliga First XI

Click here to take the quiz!

General Stats

  • This quiz has been taken 260 times
  • The average score is 84 of 198

Answer Stats

TeamPlayer% Correct
Bayern MunichHarry Kane
91%
Bayern MunichKim Min-jae
89%
Bayern MunichAlphonso Davies
88%
Borussia DortmundDonyell Malen
88%
Borussia DortmundGregor Kobel
88%
Borussia DortmundSébastien Haller
88%
Bayern MunichDayot Upamecano
87%
Bayern MunichKingsley Coman
87%
Borussia DortmundMarcel Sabitzer
87%
Borussia DortmundNiklas Süle
87%
Bayern MunichLeroy Sané
86%
Bayern MunichJoshua Kimmich
85%
Bayern MunichLeon Goretzka
85%
Borussia DortmundMarco Reus
85%
Borussia DortmundMats Hummels
83%
Bayern MunichSven Ulreich
83%
Bayern MunichJamal Musiala
82%
Bayer LeverkusenLukáš Hrádecký
81%
Bayern MunichNoussair Mazraoui
81%
Borussia DortmundRamy Bensebaini
81%
Bayer LeverkusenEdmond Tapsoba
78%
Bayer LeverkusenFlorian Wirtz
78%
Bayer LeverkusenJeremie Frimpong
77%
HeidenheimKevin Müller
75%
Bayer LeverkusenJonathan Tah
74%
Borussia DortmundJulian Brandt
74%
Eintracht FrankfurtKevin Trapp
74%
RB LeipzigDani Olmo
72%
Borussia DortmundEmre Can
72%
Bayer LeverkusenExequiel Palacios
72%
Bayer LeverkusenVictor Boniface
72%
RB LeipzigWilli Orbán
72%
Bayer LeverkusenGranit Xhaka
69%
Borussia MönchengladbachAlassane Pléa
67%
RB LeipzigLoïs Openda
67%
StuttgartSehrou Guirassy
67%
HoffenheimAndrej Kramarić
65%
Borussia DortmundJulian Ryerson
65%
WolfsburgKoen Casteels
65%
Eintracht FrankfurtRandal Kolo Muani
64%
Bayer LeverkusenJonas Hofmann
63%
BochumPhilipp Hofmann
63%
RB LeipzigXavi Simons
63%
RB LeipzigMohamed Simakan
62%
Bayer LeverkusenÁlex Grimaldo
61%
RB LeipzigDavid Raum
60%
FreiburgVincenzo Grifo
58%
RB LeipzigXaver Schlager
57%
Bayer LeverkusenOdilon Kossounou
56%
RB LeipzigBenjamin Henrichs
55%
Eintracht FrankfurtMario Götze
55%
Union BerlinFrederik Rønnow
54%
Werder BremenJiří Pavlenka
54%
Borussia MönchengladbachJonas Omlin
54%
Eintracht FrankfurtEllyes Skhiri
53%
Eintracht FrankfurtJesper Lindstrøm
53%
Eintracht FrankfurtTuta
53%
WolfsburgMaxence Lacroix
52%
HoffenheimOliver Baumann
51%
StuttgartSilas Katompa Mvumpa
51%
HoffenheimIhlas Bebou
50%
MainzLee Jae-sung
50%
Werder BremenNiclas Füllkrug
50%
StuttgartHiroki Ito
49%
RB LeipzigTimo Werner
49%
RB LeipzigJanis Blaswich
48%
Borussia MönchengladbachKo Itakura
47%
FreiburgRoland Sallai
47%
StuttgartAlexander Nübel
46%
Union BerlinBrenden Aaronson
46%
FreiburgMatthias Ginter
46%
HoffenheimOzan Kabak
46%
Borussia MönchengladbachFlorian Neuhaus
45%
WolfsburgJonas Wind
45%
Union BerlinAïssa Laïdouni
44%
HoffenheimAttila Szalai
44%
AugsburgErmedin Demirović
44%
HoffenheimJohn Brooks
44%
Union BerlinDiogo Leite
43%
Borussia MönchengladbachJoe Scally
43%
FreiburgMichael Gregoritsch
42%
FreiburgChristian Günter
41%
Union BerlinChristopher Trimmel
41%
Union BerlinKevin Behrens
41%
Eintracht FrankfurtSebastian Rode
41%
HoffenheimPavel Kadeřábek
40%
Union BerlinAlex Král
38%
StuttgartDan-Axel Zagadou
38%
WolfsburgJoakim Mæhle
38%
WolfsburgLovro Majer
38%
Eintracht FrankfurtÉric Junior Dina Ebimbe
37%
FreiburgPhilipp Lienhart
37%
Union BerlinRobin Knoche
37%
BochumTakuma Asano
37%
Union BerlinDanilho Doekhi
36%
KölnDavie Selke
36%
Borussia MönchengladbachJulian Weigl
36%
MainzLudovic Ajorque
36%
StuttgartChris Führich
35%
Union BerlinDavid Datro Fofana
35%
KölnFlorian Kainz
35%
MainzLeandro Barreiro
35%
Werder BremenMarvin Ducksch
35%
WolfsburgRidle Baku
35%
Borussia MönchengladbachTomáš Čvančara
35%
FreiburgMaximilian Eggestein
34%
RB LeipzigNicolas Seiwald
34%
HeidenheimTim Kleindienst
33%
StuttgartWaldemar Anton
33%
HeidenheimAdrian Beck
32%
Borussia MönchengladbachFranck Honorat
32%
KölnMarvin Schwäbe
32%
WolfsburgMattias Svanberg
32%
WolfsburgPatrick Wimmer
32%
Eintracht FrankfurtPhilipp Max
32%
Eintracht FrankfurtWillian Pacho
32%
MainzEdimilson Fernandes
31%
StuttgartEnzo Millot
31%
AugsburgFinn Dahmen
31%
HoffenheimFlorian Grillitsch
31%
StuttgartJeong Woo-yeong
31%
Borussia MönchengladbachLuca Netz
31%
BochumManuel Riemann
31%
AugsburgMërgim Berisha
31%
Werder BremenMiloš Veljković
31%
AugsburgRuben Vargas
31%
Union BerlinJérôme Roussillon
30%
KölnJulian Chabot
30%
Eintracht FrankfurtRobin Koch
30%
BochumIvan Ordets
29%
MainzKarim Onisiwo
29%
BochumKevin Stöger
29%
Werder BremenMitchell Weiser
29%
MainzRobin Zentner
29%
MainzStefan Bell
29%
WolfsburgVáclav Černý
29%
AugsburgArne Engels
28%
AugsburgMads Pedersen
28%
Borussia MönchengladbachMaximilian Wöber
28%
FreiburgNoah Atubolu
28%
KölnTimo Hübers
28%
WolfsburgYannick Gerhardt
28%
HoffenheimAngelo Stiller
27%
BochumAnthony Losilla
27%
MainzAnton Stach
27%
Werder BremenLeonardo Bittencourt
27%
BochumChristopher Antwi-Adjei
26%
AugsburgFelix Uduokhai
26%
DarmstadtMarcel Schuhen
26%
Borussia MönchengladbachNathan Ngoumou
26%
FreiburgLucas Höler
25%
Werder BremenJens Stage
24%
FreiburgLukas Kübler
24%
Werder BremenMarco Friedl
24%
AugsburgNiklas Dorsch
24%
MainzAnthony Caci
23%
KölnBenno Schmitz
23%
HeidenheimLennard Maloney
23%
HeidenheimPatrick Mainka
23%
KölnDejan Ljubicic
22%
BochumErhan Mašović
22%
Werder BremenAnthony Jung
21%
StuttgartAtakan Karazor
21%
MainzDanny da Costa
21%
HeidenheimEren Dinkçi
21%
HoffenheimGrischa Prömel
21%
KölnLeart Paqarada
21%
StuttgartPascal Stenzel
21%
Werder BremenAmos Pieper
20%
Werder BremenSenne Lynen
20%
BochumBernardo
19%
MainzDominik Kohr
19%
AugsburgElvis Rexhbeçaj
19%
KölnEric Martel
19%
HeidenheimMarnon Busch
19%
DarmstadtMatej Maglica
19%
AugsburgMaximilian Bauer
19%
WolfsburgCédric Zesiger
18%
FreiburgMerlin Röhl
18%
DarmstadtOscar Vilhelmsson
18%
AugsburgSven Michel
18%
KölnLuca Waldschmidt
17%
HeidenheimMarvin Pieringer
17%
DarmstadtChristoph Zimmermann
16%
DarmstadtFabian Holland
16%
BochumFelix Passlack
16%
HoffenheimMarius Bülter
16%
DarmstadtChristoph Klarer
15%
DarmstadtEmir Karić
15%
DarmstadtMarvin Mehlem
15%
KölnRasmus Carstensen
15%
HeidenheimJonas Föhrenbach
14%
HeidenheimTim Siersleben
14%
DarmstadtFabian Nürnberger
13%
DarmstadtFraser Hornby
13%
BochumMaximilian Wittek
13%
HeidenheimFlorian Pick
12%
DarmstadtMathias Honsak
12%

Score Distribution

Percentile by Number Answered

Percent of People with Each Score

Your Score History

You have not taken this quiz